A political history of postwar Italy. From the Old to the New Center-Left.

Guardat en:
Dades bibliogràfiques
Autor principal: Kogan, Norman (Autor)
Format: Llibre
Idioma:anglès
Publicat: New York, USA: Praeger, 1981.
Matèries:
Etiquetes: Afegir etiqueta
Sense etiquetes, Sigues el primer a etiquetar aquest registre!

MARC

LEADER 00000nam a22000007a 4500
003 CL-VaPUC
005 20231106130057.0
008 231031t1981 ||||| |||| 00| 0 eng d
999 |c 442226  |d 442224 
020 |a 0-03-056653-3 
040 |c Pontificia Universidad Católica de Valparaíso 
082 |2 22  |a 945.092 KOG 1981 
100 |9 885429  |a Kogan, Norman  |e author 
245 |a A political history of postwar Italy.  |b From the Old to the New Center-Left. 
260 |a New York, USA:  |b Praeger,   |c 1981. 
300 |a xviii, 177 páginas. 
500 |a c.1 Donación Sr. Jorge Precht Pizarro. 26-05-23. Biblioteca Teología. 
583 |c 20231031  |k Yessy Sthefany Diaz Vidal 
650 0 |9 362027  |a Historia de Italia  |x Aspectos políticos y económicos   |y Siglo 20 
942 |2 ddc  |c BK 
952 |0 0  |1 0  |2 ddc  |4 0  |6 945_092000000000000_KOG_1981  |7 0  |8 A  |9 592203  |a BIBTEO  |b BIBTEO  |c GEN  |d 2023-10-31  |e Donación   |i 5659210  |o 945.092 KOG 1981  |p 5659210  |r 2025-01-17  |t 1  |w 2023-10-31  |y BK  |k ICR